Name a valid Harry Potter character - Statistics

General Stats
  • This quiz has been taken 1,004 times
  • The average score is 14 of 16
Answer Stats
Hint Answer % Correct
Triwizard Champion Harry Potter | Cedric Diggory | Viktor Krum | Fleur Delacour
99%
Seeker for a Hogwarts house Regulus Black | Charlie Weasley | Harry Potter | Ginny Weasley | Cedric Diggory | Summerby | Cho Chang | Lockhart (claimed) | Draco Malfoy | Harper | Regulus Black | Terence Higgs
98%
Hogwarts Founder Godric Gryffindor | Helga Hufflepuff | Rowena Ravenclaw | Salazar Slytherin
97%
Defense Against the Dark Arts teacher Quirinus Quirrell | Gilderoy Lockhart | Remus Lupin | Alastor Moody | Dolores Umbridge | Severus Snape | Amycus Carrow
97%
House elf Dobby | Kreacher | Winky | Hokey | Pitts
96%
someones pet Croockshanks | Errol | Fang | Hedwig | Trevor | Fawks | Nagini | Arnold | Scabbers | Pigwidgeon
95%
House Teacher (while Harry attends Hogwarts) Minerva McGonagall | Pomona Sprout | Filius Flitwick | Severus Snape | Horace Slughorn
95%
Hogwarts ghost (mentioned often) Nearly Headless Nick | Fat Friar | Peeves | Grey Lady (Helena Rawenclaw) | Bloody Baron | Cuthbert Binns | Myrtle Warren
89%
First and last name start with a P Pansy Parkinson | Padma Patil | Parvati Patil | Peter Pettigrew | Poppy Pomfrey
87%
Minister for magic since 1980 Millicent Bagnold | Cornelius Fudge | Rufus Scrimgeour | Pius Thicknesse | Kingsley Shacklebolt | Hermione Granger
81%
Mc oder Mac in the name Walden Macnair | Ernie Macmillan | Minerva McGonagall | Cormac McLaggen
80%
Last name starts with an H Rubeus Hagrid | Rolanda Hooch | Mafalda Hopkirk | Helga Hufflepuff
79%
usually called Madame … Rosmerta | Pinns | Pomfrey | Malkin | Hooch
71%
Centaur Bane | Firenze | Ronan | Magorian | Magnus | Torvus
68%
with an x in the name Corban Yaxley | Xenophilius Lovegood | Bellatrix Lestrange
64%
Four letter lastname Oliver Wood | Arabella Figg | Elphias Doge | Mrs. Cole | Terry Boot | Katie Bell | Viktor Krum
62%
No matching quizzes found
Score Distribution
Percent of People with Each Score
Percentile by Number Answered
Your Score History
You have not taken this quiz